Patrones de vela / (Record no. 120694)

MARC details
000 -LEADER
campo de control de longitud fija 00484nam a2200157 4500
001 - NÚMERO DE CONTROL
campo de control 120694
003 - IDENTIFICADOR DE NÚMERO DE CONTROL
campo de control ES-MaACL
005 - FECHA Y HORA DE LA ÚLTIMA TRANSACCIÓN
campo de control 20230906191613.0
007 - CAMPO FIJO DE DESCRIPCIÓN FÍSICA--INFORMACIÓN GENERAL
campo de control de longitud fija t|
008 - DATOS DE LONGITUD FIJA--INFORMACIÓN GENERAL
campo de control de longitud fija 070214s1970 sp r ||||1| spa d
100 1# - ENTRADA PRINCIPAL--NOMBRE DE PERSONA
Nombre de persona Pradera, Francisco Javier.
9 (RLIN) 93589
245 10 - MENCIÓN DEL TÍTULO
Título Patrones de vela /
Mención de responsabilidad, etc. Francisco Javier Pradera.
260 ## - PUBLICACIÓN, DISTRIBUCIÓN, ETC.
Lugar de publicación, distribución, etc. San Sebastián :
Nombre del editor, distribuidor, etc. [s. n.],
Fecha de publicación, distribución, etc. 1970 (
Lugar de fabricación/manufactura Zarauz :
Fabricante Imp. Icharopena)
300 ## - DESCRIPCIÓN FÍSICA
Extensión 152 p., 1 lám. :
Otras características físicas il. ;
Dimensiones 18 cm.
852 ## - LOCALIZACIÓN
Ubicación ES-MaACL
Número de control de estantería C-48193
Sublocalización o colección R.73071
Holdings
Estatus retirado Estado de pérdida Estado de daño No para préstamo Biblioteca de origen Biblioteca actual Ubicación en estantería Fecha de adquisición Fuente de adquisición Total de préstamos Signatura topográfica completa Código de barras Visto por última vez Precio de reemplazo Tipo de ítem Koha
        Biblioteca del Ateneo de Madrid Biblioteca del Ateneo de Madrid Depósito 2 17/01/2008     C-48193 1125802 23/02/2023 23/02/2023 Libro impreso